| 000 | 00788nam a22001697a 4500 | ||
|---|---|---|---|
| 005 | 20250218172309.0 | ||
| 008 | 240822b ||||| |||| 00| 0 eng d | ||
| 082 | _aDPer 658.8 J826 October-December 2019 v. 116 n. 4-6 | ||
| 100 |
_aGarrison, S. Mason. _eauthor. _958866 |
||
| 245 |
_aDecomposing the causes of the socioeconomic status-health gradient with biometrical modeling / _cS. Mason Garrison, and Joseph Lee Rodgers. |
||
| 260 |
_aPhiladelphia ; _bAmerican Psychological Association, _cJune 2019. |
||
| 300 |
_avolume 116, pages 1030-1047, _billustration. |
||
| 500 | _aJournal of Personality and Social Psychology, v. 116, n. 6, pages 1030-1047, June 2019. | ||
| 700 |
_aGarrison, S. Mason. _eauthor. _958866 |
||
| 700 |
_aRodgers, Joseph Lee. _eauthor. _958867 |
||
| 942 |
_2ddc _cPER |
||
| 999 |
_c20832 _d20832 |
||